El regimen del flujo y la morfologia de los cauces aluviales / Jaime Ivon Ordoñez Ordoñez (Registro nro. 11720)

Detalles MARC
000 -LEADER
fixed length control field 00526nam a22001691a 4500
001 - CONTROL NUMBER
control field 11720
003 - CONTROL NUMBER IDENTIFIER
control field OSt
005 - DATE AND TIME OF LATEST TRANSACTION
control field 20260204212252.0
008 - FIXED-LENGTH DATA ELEMENTS--GENERAL INFORMATION
fixed length control field 130515s2010||||ck ||||||b||||||||||spa||
050 ## - LIBRARY OF CONGRESS CALL NUMBER
Classification number 551.48 O2r
100 ## - ASIENTO PRINCIPAL -- NOMBRE PERSONAL
Personal name Ordonez Ordonez, Jaime Ivon
245 ## - TÍTULO PROPIAMENTE DICHO: SUBTÍTULO
Title El regimen del flujo y la morfologia de los cauces aluviales / Jaime Ivon Ordoñez Ordoñez
264 ## - PRODUCTION, PUBLICATION, DISTRIBUTION, MANUFACTURE, AND COPYRIGHT NOTICE
Place of production, publication, distribution, manufacture Colombia : Universidad nacional de colombia
300 ## - PHYSICAL DESCRIPTION
Extensión 135 P
650 ## - ASIENTO SECUNDARIO DE MATERIA -- TERMINO TEMÁTICO
Termino Temático Como Elemento de Entrada HIDROLOGIA 2.RECURSOS HIDRAULICOS 3.RIOS MORFOLOGIAÌ
942 ## - ADDED ENTRY ELEMENTS (KOHA)
Source of classification or shelving scheme Dewey Decimal Classification
Koha item type Libros
Existencias
Withdrawn status Lost status Source of classification or shelving scheme Damaged status Not for loan Current library Date acquired Total Checkouts Full call number Barcode Date last seen Price effective from Koha item type
    Dewey Decimal Classification     Biblioteca UTECO 09/09/2019   551.48 O2R 016979 09/09/2019 09/09/2019 Libros
    Dewey Decimal Classification     Biblioteca UTECO 09/09/2019   551.48 O2R 016980 09/09/2019 09/09/2019 Libros
    Dewey Decimal Classification     Biblioteca UTECO 09/09/2019   551.48 O2R 016981 09/09/2019 09/09/2019 Libros
© 2021 Derechos Reservados UTECO - Teléfono: +1 809-585-2291 - Correo electrónico: biblioteca@uteco.edu.do​  
Código postal 43000 ​​
Dirección: Avenida Universitaria No. 100, 
Cotuí, Provincia Sánchez Ramírez, República Dominicana - RNC: 404-00059-6